Normal view
MARC view
- Khan, Teepu Mahabat.
Entry Personal Name
001 - CONTROL NUMBER
- control field: 5391
003 - CONTROL NUMBER IDENTIFIER
- control field: NUST
005 - DATE AND TIME OF LATEST TRANSACTION
- control field: 20171012111545.0
008 - FIXED-LENGTH DATA ELEMENTS
- fixed length control field: 171012|| aca||aabn | a|a d
040 ## - CATALOGING SOURCE
- Original cataloging agency: NUST
- Transcribing agency: NUST
100 ## - HEADING--PERSONAL NAME
- Personal name: Khan, Teepu Mahabat.
670 ## - SOURCE DATA FOUND
- Source citation: Work cat.: (NUST)0: Khan, Teepu Mahabat., The land of Khyber /, 2005.
